| 000 | 00466nam a2200157 i 4500 | ||
|---|---|---|---|
| 001 | 129269 | ||
| 003 | ES-MaACL | ||
| 007 | t| | ||
| 008 | 070611s1982 sp ||||1| spa d | ||
| 100 | 1 |
_aTemplado, Joaquín. _9109671 |
|
| 245 | 1 | 0 |
_aHistoria de las teorías evolucionistas / _cJoaquín Templado. |
| 250 | _a[1ª ed., 1ª reimp.]. | ||
| 260 |
_a[Madrid] : _bAlhambra, _c[1982] |
||
| 300 |
_aXII, 170 p. : _bil. ; _c20 cm. |
||
| 852 |
_aES-MaACL _jL-3486 _bR.103675 |
||
| 999 |
_c129269 _d129269 |
||